| 000 | 01022 a2200217 4500 | ||
|---|---|---|---|
| 020 | _a0415270529 | ||
| 020 | _a9780415270526 | ||
| 082 | 0 | 4 | _a621 |
| 090 |
_c3171 _d3171 |
||
| 100 | 1 | _aPehrsson, Anders. | |
| 245 | 1 | 0 |
_aStrategy in emerging markets : _btelecommunications establishments in europe / _cAnders Pehrsson. |
| 260 |
_a[S.l.] : _bRoutledge, _c2001. |
||
| 300 |
_a280 p. ; _c24 cm. |
||
| 490 | 1 | _aRoutledge studies in global competition. | |
| 500 | _aHardcover. | ||
| 520 | _aMarkets previously unreachable for companies other than monopolies or other protected firms are now frequently open to new entrants. This book focuses on strategy in emerging markets, in particular establishments in liberalized European markets. | ||
| 830 | 0 | _aRoutledge studies in global competition. | |
| 856 | 4 | 0 |
_3Amazon.com _uhttp://www.amazon.com/exec/obidos/ASIN/0415270529/chopaconline-20 |
| 856 | 4 | 0 |
_3Amazon customer reviews _uhttp://www.chopac.org/cgi-bin/tools/azrev.pl?q=0415270529 |
| 942 |
_aNBS _cBK _k332.64038494 PEH |
||
| 999 |
_c345659 _d345659 |
||